Albums/EP de Ninho_Mort Subite - Statistiques

Statistiques générales
  • Ce quiz a été pris 338 fois
  • Le résultat moyen est 3 sur 8
Answers on the Grid
Answers color-coded by a green-red scale on the quiz's grid according to % correct below.
C'est prévu
M.I.L.S
Destin
GOAT
Goutte d'eau
Jefe
M.I.L.S 2
M.I.L.S 2.0
Ouais NI
Comme prévu
M.I.L.S 4
NI
M.I.L.S 5
Mieux avant
M.I.L.S 3
William
 
Statistiques - réponses
Réponse % Correct
M.I.L.S
51%
M.I.L.S 2.0
51%
Destin
48%
M.I.L.S 3
42%
Jefe
38%
M.I.L.S 4
37%
Comme prévu
33%
NI
30%
Aucun quiz correspondant
Distribution des résultats
% des personnes avec chaque résultat
Percentile par nombre de réponses
Votre historique - résultats
Vous n’avez pas pris ce quiz